header

Macroeconomic perspectives on the Danish economy (Record no. 162903)

MARC details
000 -LEADER
fixed length control field 01417nam a2200349Ia 4500
245 00 - TITLE STATEMENT
Title Macroeconomic perspectives on the Danish economy
260 ## - PUBLICATION, DISTRIBUTION, ETC. (IMPRINT)
Place of publication Houndmills, Basingstoke, Hampshire :
Name of publisher Palgrave,
Year of publication 2000.
300 ## - PHYSICAL DESCRIPTION
Number of Pages xv, 376 p. :
Other physical details ill.
650 #0 - SUBJECT ADDED ENTRY--TOPICAL TERM
Topical Term Investments
Topical Term Taxation
Topical Term Fiscal policy
Topical Term Public welfare
700 1# - ADDED ENTRY--PERSONAL NAME
Personal name Andersen, Torben.
Personal name Jensen, Svend E. Hougaard,
Personal name Risager, Ole.
856 40 - ELECTRONIC LOCATION AND ACCESS
Uniform Resource Identifier http://site.ebrary.com/lib/rucke/Doc?id=10067552

No items available.

© 2026 Rongo University
Contact us: librarian | system librarian | Rongo university